00158 a2200073 450000100060000010000190000624500320002526000270005742168 aHammerton S J aPractical Knowledge for All abWaver l e Book Co.c